Acteurs de Pretty Little Liars - Statistiques

Statistiques générales
  • Ce quiz a été pris 499 fois
  • Le résultat moyen est 8 sur 16
Statistiques - réponses
Personnage Acteur/Actrice % Correct
Aria Montgomery Lucy Hale
94%
Hanna Marin Ashley Benson
92%
Emily Fields Shay Mitchell
79%
Spencer Hastings Troian Bellisario
72%
Alison DiLaurentis Sasha Pieterse
67%
Ezra Fitz Ian Harding
62%
Mona Vanderwaal Janel Parrish
53%
Caleb Rivers Tyler Blackburn
53%
Toby Cavanaugh Keegan Allen
50%
Ella Montgomery Holly Marie Combs
39%
Melissa Hastings Torrey DeVitto
34%
Ashley Marin Laura Leighton
33%
Maya St.Germain Bianca Lawson
28%
Byron Montgomery Chad Lowe
28%
Jason DiLaurentis Drew Van Acker
28%
CeCe Drake Vanessa Ray
27%
Aucun quiz correspondant
Distribution des résultats
% des personnes avec chaque résultat
Percentile par nombre de réponses
Votre historique - résultats
Vous n’avez pas pris ce quiz